| 000 | 00431nam a22001337a 4500 | ||
|---|---|---|---|
| 082 |
_a624.1762 _bSEI _cL-39, P-189 |
||
| 100 |
_aAjaya Kumar Gupta _946207 |
||
| 245 |
_aSeismic performance of low rise buildings _bState of the art and research needs |
||
| 260 |
_aNew York _bAmerican society of civil engineers _c1980 |
||
| 300 |
_a209 p. _bill. |
||
| 526 |
_a0 _b0 _c0 _d624_176200000000000_SEI |
||
| 650 |
_aMCE _9379 |
||
| 942 |
_2ddc _cBK |
||
| 999 |
_c549556 _d549556 |
||